00247nam a2200097Ia 4500008004100000041001200041100001300053245007100066260000600137650000600143221030s9999 xx 000 0 und d aEnglish aG. Booch 0aObject - Oriented Analysis & Design with Applicationscby G. Booch c0 aB